000 00721nam a22002177a 4500
008 130821s2003 ck gr spa
020 _a9588192455
040 _aCo-BoUCM
_bspa
041 0 0 _aspa
100 1 _aRodriguez, Orlando Alfonso
_9117411
245 1 0 _aPrueba ilícita penal
_cOrlando Alfonso Rodríguez.
260 _aBogotá (Colombia)
_bEdiciones Jurídica Gustavo Ibáñez
_c2003
300 _a484 páginas
504 _aIncluye bibliografía
650 0 4 _aAcervo probatorio
_98374
650 0 4 _aDeclaración (Derecho)
_912486
650 0 4 _aProceso (Derecho)
_922372
650 0 4 _aPrueba penal
_zColombia
_9105442
942 _cLIBRO
_a8
_e1
_mR696p
_2DEWEY
_h345.06
999 _c92133
_d92133